Lettres persanes / (Record no. 180518)

MARC details
000 -LEADER
campo de control de longitud fija 00592nam a2200181 i 4500
001 - NÚMERO DE CONTROL
campo de control 180518
003 - IDENTIFICADOR DE NÚMERO DE CONTROL
campo de control ES-MaACL
005 - FECHA Y HORA DE LA ÚLTIMA TRANSACCIÓN
campo de control 20251122063140.0
008 - DATOS DE LONGITUD FIJA--INFORMACIÓN GENERAL
campo de control de longitud fija 120611s1834 fr |||| | fre d
080 ## - NÚMERO DE LA CLASIFICACIÓN DECIMAL UNIVERSAL
Número de la Clasificación Decimal Universal 821.133.1-6"17"
100 1# - ENTRADA PRINCIPAL--NOMBRE DE PERSONA
Nombre de persona Montesquieu, Charles-Louis de Secondat,
Títulos y otros términos asociados al nombre baron de,
Fechas asociadas al nombre 1689-1755
9 (RLIN) 82608
245 10 - MENCIÓN DEL TÍTULO
Título Lettres persanes /
Mención de responsabilidad, etc. par Montesquieu.
260 ## - PUBLICACIÓN, DISTRIBUCIÓN, ETC.
Lugar de publicación, distribución, etc. Paris :
Nombre del editor, distribuidor, etc. Lebigre Frères,
Fecha de publicación, distribución, etc. 1834.
300 ## - DESCRIPCIÓN FÍSICA
Extensión 1 vol. (212, 208 p.) ;
Dimensiones 14 cm.
595 ## -
-- 2 tomos en un volumen.
852 ## - LOCALIZACIÓN
Ubicación ES-MaACL
Número de control de estantería D-4001
Nota libre .- Legado M. de la Fuente
Holdings
Estatus retirado Estado de pérdida Estado de daño No para préstamo Colección Biblioteca de origen Biblioteca actual Ubicación en estantería Fecha de adquisición Fuente de adquisición Total de préstamos Signatura topográfica completa Código de barras Visto por última vez Precio de reemplazo Tipo de ítem Koha
        Libros del s. XIX Biblioteca del Ateneo de Madrid Biblioteca del Ateneo de Madrid Sala Valle Inclán 11/06/2012     D-4001 901189682 23/02/2023 23/02/2023 Libro impreso antiguo